Loading...
| Current Events | 5 | 10.00 | 80% | 20% | 0% |
| Fine Arts - Classical Music | 7 | 18.57 | 100% | 71% | 43% |
| Fine Arts - Other Fine Arts | 10 | 16.00 | 100% | 50% | 10% |
| Fine Arts - Painting & Sculpture | 8 | 16.25 | 100% | 63% | 0% |
| Geography | 5 | 16.00 | 100% | 60% | 0% |
| History - American History | 7 | 12.86 | 100% | 29% | 0% |
| History - European History | 7 | 12.86 | 100% | 29% | 0% |
| History - Other History | 9 | 14.44 | 100% | 44% | 0% |
| History - World History | 5 | 8.00 | 60% | 0% | 20% |
| Literature - American Literature | 6 | 18.33 | 100% | 67% | 17% |
| Literature - British Literature | 12 | 17.50 | 92% | 75% | 17% |
| Literature - European Literature | 10 | 15.00 | 100% | 40% | 10% |
| Literature - World Literature | 7 | 21.43 | 100% | 86% | 29% |
| Mythology | 5 | 12.00 | 100% | 20% | 0% |
| Other Academic | 6 | 13.33 | 100% | 17% | 17% |
| Philosophy | 10 | 12.00 | 90% | 30% | 0% |
| Religion | 8 | 12.50 | 88% | 25% | 13% |
| Science - Biology | 10 | 16.00 | 100% | 50% | 10% |
| Science - Chemistry | 11 | 14.55 | 82% | 55% | 9% |
| Science - Other Science | 9 | 17.78 | 100% | 56% | 22% |
| Science - Physics | 10 | 12.00 | 90% | 20% | 10% |
| Social Science | 8 | 15.00 | 100% | 38% | 13% |